header

iOS 6 application development for dummies (Record no. 44430)

MARC details
000 -LEADER
fixed length control field 01668nam a2200373 a 4500
100 1# - MAIN ENTRY--AUTHOR NAME
Personal name Goldstein, Neal.
245 10 - TITLE STATEMENT
Title iOS 6 application development for dummies
260 ## - PUBLICATION, DISTRIBUTION, ETC. (IMPRINT)
Place of publication Indianapolis, Ind. :
Name of publisher John Wiley & Sons, Inc.,
Year of publication 2013.
300 ## - PHYSICAL DESCRIPTION
Number of Pages xvi, 559 p. :
Other physical details ill.
500 ## - GENERAL NOTE
General note Includes index.
505 0# - FORMATTED CONTENTS NOTE
Formatted contents note pt. I. Getting started -- pt. II. Building road trip -- pt. III. Getting your feet wet-- basic functionality -- pt. IV. The model and application software -- pt. V. Adding the application content -- pt. VI. The part of tens.
650 #0 - SUBJECT ADDED ENTRY--TOPICAL TERM
Topical Term Application software
Topical Term iPhone (Smartphone)
Topical Term iPad (Computer)
Topical Term iPod touch (Digital music player)
700 1# - ADDED ENTRY--PERSONAL NAME
Personal name Wilson, Dave.
856 40 - ELECTRONIC LOCATION AND ACCESS
Uniform Resource Identifier http://site.ebrary.com/lib/rucke/Doc?id=10643076

No items available.

© 2026 Rongo University
Contact us: librarian | system librarian | Rongo university